Nationwide quarterly review of house prices (Record no. 105945)
[ view plain ]
| 000 -LEADER | |
|---|---|
| fixed length control field | 01103cam a2200217 4500 |
| 001 - CONTROL NUMBER | |
| control field | ##L135202 |
| 008 - FIXED-LENGTH DATA ELEMENTS--GENERAL INFORMATION | |
| fixed length control field | 061004n2006 000 0 eng u |
| 035 ## - SYSTEM CONTROL NUMBER | |
| System control number | (Sirsi) u135202 |
| 041 0# - LANGUAGE CODE | |
| Language code of text/sound track or separate title | eng |
| 050 04 - LIBRARY OF CONGRESS CALL NUMBER | |
| Classification number | 333.33 $2 18 |
| 110 2# - MAIN ENTRY--CORPORATE NAME | |
| Corporate name or jurisdiction name as entry element | Nationwide Building Society |
| 9 (RLIN) | 1019 |
| 245 00 - TITLE STATEMENT | |
| Title | Nationwide quarterly review of house prices |
| Remainder of title | June 2006 |
| 260 ## - PUBLICATION, DISTRIBUTION, ETC. | |
| Place of publication, distribution, etc. | London |
| Name of publisher, distributor, etc. | Nationwide |
| Date of publication, distribution, etc. | 2006 |
| 490 #0 - SERIES STATEMENT | |
| Series statement | Nationwide Quarterly Review of House Prices |
| Volume/sequential designation | June 2006 |
| 520 ## - SUMMARY, ETC. | |
| Summary, etc. | House prices grew by 0.3% in June, the third month in a row of subdued growth. The annual growth rate increased slightly to 5% in June. The price of a typical UK house now stands at £ 165 730 around £8 000 more than this time in 2005 Affordability constraints continue to bite and supply constraints continue to support house prices. |
| 650 24 - SUBJECT ADDED ENTRY--TOPICAL TERM | |
| Topical term or geographic name entry element | NATIONWIDE QUARTERLY REVIEW OF HOUSE PRICES |
| 651 #4 - SUBJECT ADDED ENTRY--GEOGRAPHIC NAME | |
| Geographic name | United Kingdom |
| Chronological subdivision | |
| 690 ## - LOCAL SUBJECT ADDED ENTRY--TOPICAL TERM (OCLC, RLIN) | |
| Topical term or geographic name as entry element | PROPERTY-RESIDENTIAL PROPERTY-RESIDENTIAL PROPERTY MARKET |
| 856 40 - ELECTRONIC LOCATION AND ACCESS | |
| Uniform Resource Identifier | <a href="https://nationwide.co.uk/hpi/review.html">https://nationwide.co.uk/hpi/review.html</a> |
| Public note | View the review free of charge at http://nationwide.co.uk... |
| 942 ## - ADDED ENTRY ELEMENTS (KOHA) | |
| Suppress in OPAC | 0 |
| Withdrawn status | Lost status | Source of classification or shelving scheme | Damaged status | Not for loan | Home library | Current library | Shelving location | Date acquired | Total Checkouts | Full call number | Barcode | Date last seen | Copy number | Price effective from | Koha item type |
|---|---|---|---|---|---|---|---|---|---|---|---|---|---|---|---|
| Dewey Decimal Classification | Virtual | Virtual | Online | 04/10/2006 | ONLINE PUBLICATION | 135202-2001 | 06/08/2019 | 1 | 06/08/2019 | Book |